Score 0/25 Timer 04:00
7 Plays Today
% Correct
Clown Dating
95.9%
Vampersonals
95.1%
Purrsonals
94.8%
STDmatch
94.7%
TallFriends
94.1%
Diaper Mates
92.6%
DateAGolfer
91.8%
Millionaire Match
91.8%
BikerKiss
90.8%
Singles with Food Allergies
90.4%
Glutenfree Singles
88.3%
Hot Sauce Passions
88.3%
Vegan Dating Service
88%
% Correct
Naturist Passion
86.6%
Sea Captain Date
85.2%
Trek Passions
85%
Dating for Hippies
82%
Mullet Passions
80.4%
Crew Dating
75.2%
FarmersOnly
74.6%
Salad Match
72.1%
The Ugly Bug Ball
65.7%
Darwin Dating
55.3%
Amish Dating
52%
Equestrian Cupid
24%
Remove Ads.
Support Sporcle.
Get the best of Sporcle when you Go Orange. This ad-free experience offers more features, more stats, and more fun while also helping to support Sporcle. Thank you for becoming a member.

You're not logged in!

Compare scores with friends on all Sporcle quizzes.
OR
Log In

Show Comments

Extras

Top Quizzes Today


Score Distribution

Your Account Isn't Verified!

In order to create a playlist on Sporcle, you need to verify the email address you used during registration. Go to your Sporcle Settings to finish the process.

Report this User

Report this user for behavior that violates our Community Guidelines.

Details: